Statistics for 1970's UK Punk Rock Singles

Click here to take the quiz!

General Stats

  • This quiz has been taken 333 times
    (246 since last reset)
  • The average score is 8 of 20

Answer Stats

Song TitleBand% Correct
Anarchy In The UKSex Pistols
95%
Tommy GunClash
85%
New RoseDamned
72%
Orgasm AddictBuzzcocks
69%
Alternative UlsterStiff Little Fingers
69%
PeachesStranglers
63%
In The CityJam
61%
Babylon's BurningRuts
60%
Get Over YouUndertones
32%
Where Have All The Boot Boys Gone?Slaughter and the Dogs
22%
Where Were YouMekons
20%
Read About SeymourSwell Maps
20%
Ain't Got A ClueLurkers
19%
Love and a Molotov CocktailFlys
16%
CharlesSkids
16%
Just Another Teenage RebelOutcasts
12%
Big TimeRudi
9%
99% Is Sh*tCash Pussies
8%
They're Back Again, Here They ComeCigarettes
8%
I Can't CopeProtex
5%

Score Distribution

Percentile by Number Answered

Percent of People with Each Score

Your Score History

You have not taken this quiz since the last reset